000 00268nam a2200109Ia 4500
008 220204s9999 xx 000 0 und d
082 _a338.98(035)
_bWAL
100 _aWalley, B H
245 0 _aProfit planning handbook
260 _aLondon
_bBusiness
_c1978
942 _cBK
999 _c28312
_d28312